Socios 1, curso de español orientado al mundo del trabajo (Registro nro. 316504)

Detalles MARC
000 -ENCABEZADO
Número de control [NR] 01188cam a2200325 4500
001 - NÚMERO DE CONTROL
control field a4398992
003 - IDENTIFICADOR DE CONTROL NÚMERO
control field Co-BoUCM
005 - FECHA Y HORA DE LA ÚLTIMA TRANSACCIÓN
control field 20191105092628.0
008 - DE LONGITUD FIJA DE DATOS DE ELEMENTOS - INFORMACIÓN GENERAL
Elementos de longitud fija [NR] 191105s2018 sp a | |||| 000 0 spa d
015 ## - NUMERO DE BIBLIOGRAFIA NACIONAL [R]
Número de bibliografía nacional [R] MON0812
017 ## - NUMERO DEL REGISTRO DE DERECHOS DE AUTOR O DEL DEPOSITO LEGAL [R]
Número de registro de derechos de autor (“copyright”) [R] B 22459-2008
Agencia que asigna el número [NR] Oficina Depósito Legal Barcelona
020 ## - NUMERO INTERNACIONAL NORMALIZADO PARA LIBROS [R]
Número Internacional Normalizado del libro [NR] 9788484434153
035 ## - NUMERO DE CONTROL DEL SISTEMA [R]
Número de control del sistema [NR] (OCoLC)434322062
040 ## - FUENTE DE CATALOGACION [NR]
Agencia de catalogación original [NR] Co-BoUCM
Idioma de catalogación [NR] spa
Quien Cataloga Saul Niño
Quien Clasifica Saul Niño
041 0# - CODIGO DE IDIOMA [R]
Código de idioma para texto/pista de sonido o título separado [R] Español
245 00 - MENCION DE TITULO [NR]
Título [NR] Socios 1, curso de español orientado al mundo del trabajo
Parte restante del título [NR] Libro del alumno : A1, A2
Nombre de la parte/sección de la obra [R] Cuaderno de ejercicios
Mención de responsabilidad, etc. [NR] Marisa González ... [y otros.]
260 ## - PUBLICACION, DISTRIBUCION, ETC. (PIE DE IMPRENTA) [R]
Lugar de publicación, distribución, etc. [R] Barcelona
Nombre del editor, distribuidor, etc. [R] Difusión
Fecha de publicación, distribución, etc. [R] [2018]
300 ## - DESCRIPCION FISICA [R]
Extensión [R] 180 páginas
Otros detalles físicos [NR] ilustraciones
500 ## - NOTA GENERAL [R]
Nota general [NR] [En cubierta] Libro del alumno
650 #0 - ASIENTO SECUNDARIO DE MATERIA - TERMINO TEMATICO [R]
Término temático o nombre geográfico como elemento de entrada [NR] Español comercial
Subdivisión general [R] Libros de texto para extranjeros
9 (RLIN) 99102
650 #0 - ASIENTO SECUNDARIO DE MATERIA - TERMINO TEMATICO [R]
Término temático o nombre geográfico como elemento de entrada [NR] Lengua española
Subdivisión general [R] Enseñanza
9 (RLIN) 45733
650 #7 - ASIENTO SECUNDARIO DE MATERIA - TERMINO TEMATICO [R]
Término temático o nombre geográfico como elemento de entrada [NR] Español
Subdivisión general [R] Estudiantes extranjeros
9 (RLIN) 14900
650 #7 - ASIENTO SECUNDARIO DE MATERIA - TERMINO TEMATICO [R]
Término temático o nombre geográfico como elemento de entrada [NR] Lingüística aplicada
9 (RLIN) 439
700 1# - ASIENTO SECUNDARIO - NOMBRE PERSONAL [R]
Nombre personal [NR] González, Marisa
9 (RLIN) 99103
700 1# - ASIENTO SECUNDARIO - NOMBRE PERSONAL [R]
Nombre personal [NR] Martín, Felipe
9 (RLIN) 99105
700 1# - ASIENTO SECUNDARIO - NOMBRE PERSONAL [R]
Nombre personal [NR] Rodrigo, Conchi
9 (RLIN) 99106
700 1# - ASIENTO SECUNDARIO - NOMBRE PERSONAL [R]
Nombre personal [NR] Verdía, Elena
9 (RLIN) 99107
942 ## - ELEMENTOS DE ENTRADA AGREGADOS (KOHA)
Sistema de clasificación DEWEY
Tema principal Lingüística
Tipo de ítem principal el descrito en 300a Libro de reserva
Edición 1
Clasificación 468
Parte restante de la signatura top. C822sa
Existencias
Fecha de último préstamo Total préstamos Signatura topográfica Código de barras Última vez visto Ejemplar Costo de reposición Price effective from Tipo de ítem Perdido Sistema de clasificación Dañado No prestable Tipo de ítem específico Suprimido Ubicación habitual Ubicación actual Localización Fecha de creación Proveedor Forma de adquisición Costo
29/01/2024 1 468 C822sa 100164861 05/12/2025 Ej.1 115900.00 05/11/2019 Libro   DEWEY     Libro   Claustro Claustro 2do piso 05/11/2019 37 Compra 115900.00